00226nam a2200097 a 450000500170000000800410001705000180005824500220007665000090009865000210010720141022142000.0090305s19uu xx 00 eng d aVHSbR66 1995 aRomeo and Juliet. aVHS. aRomeo and Juliet